000 00515cam a2200205 4500
001 4078312
005 20171222040830.0
008 721025s1973 nyu 000 0 eng
010 _a 72010863
020 _a0690650027
_a0690650019 (paper)
040 _aDLC
_cDLC
_dDLC
041 _aeng
080 _a808.042
082 0 0 _a808.042 BAK
100 1 _a17
101 _aHIS
245 1 4 _aThe practical stylist
_c[by] Sheridan Baker.
906 _a7
_bcbc
_corignew
_d1
_eocip
_f19
_gy-gencatlg
942 _2ddc
_cBK
999 _c39314
_d39314